00888 a2200169 45000010006000000050017000060080041000230030015000640400040000790800066001192450027001852640034002123000030002465050411002760410008006871000023006953990520260407155655.0260407a1952 arg spa dAR-UNSa-BCEJYS aAR-UNSa-BCEJYSbspacAR-UNSa-BCEJYS a930.85xHistoria de la civilización. Historia de la cultura10aEstudio de la historia 1aBuenos Aires :bEmecéc1952 a2 v.(612; 428 p.)c20 cm. aVol I: 1. Introducción - 2. La génesis de las civilixaciones - 3. Los crecimientos de las civilizaciones - 4. Los colapsos de las civilizaciones - 5. Las desintegraciones de las civilizaciones -- Vol. II: 6. Estados universales - 7. Iglesias universales - 8. Edades heroicas - 9. Ley y libertad en la historia - 12. Las perspectivas de la civilización occidental - 13. Conclusión - Sumario General. aspa1 aToynbee, Arnold J.